Вып. 75; Вычислительная и прикладная математика

書目詳細資料
Parent link:Вычислительная и прикладная математика: республиканский межведомственный научный сборник/ Киевский государственный университет им. Т. Г. Шевченко. Вып. 75.— , 1965-1992
其他作者: Ляшко И. И. (редактор)
語言:俄语
出版: 1991
主題:
格式: 圖書
KOHA link:https://koha.lib.tpu.ru/cgi-bin/koha/opac-detail.pl?biblionumber=142070

MARC

LEADER 00000nam2a2200000 4500
001 142070
005 20231101220939.0
020 |a RU  |b 91-14737ж 
035 |a (RuTPU)RU\TPU\book\153973 
090 |a 142070 
100 |a 20080901d1991 k a0rusy5003 ca 
101 0 |a rus 
102 |a UA 
105 |a y z 001zy 
200 0 |a Вып. 75  |f отв. ред. И. И. Ляшко 
210 |d 1991 
215 |a 128 с. 
320 |a Библиография в конце статей 
461 1 |0 (RuTPU)RU\TPU\book\165551  |t Вычислительная и прикладная математика  |o республиканский межведомственный научный сборник  |f Киевский государственный университет им. Т. Г. Шевченко  |v Вып. 75  |d 1965-1992 
606 1 |a Вычислительная математика  |2 stltpush  |3 (RuTPU)RU\TPU\subj\4022  |9 32338 
606 1 |a Математика прикладная  |2 stltpush  |3 (RuTPU)RU\TPU\subj\53312  |9 71627 
610 1 |a сборники 
610 1 |a численные методы 
610 1 |a приближенные методы 
610 1 |a прикладные задачи 
610 1 |a математическая физика 
675 |a 519.6  |v 3 
675 |a 51-7  |v 3 
702 1 |a Ляшко  |b И. И.  |4 340 
801 1 |a RU  |b 63413507  |c 20080901  |g PSBO 
801 2 |a RU  |b 63413507  |c 20170309  |g PSBO 
942 |c BK